| Tag |
First Indicator |
Second Indicator |
Subfields |
| LEADER |
00000cam a2200000 4500 |
| 001 |
in00000484116 |
| 005 |
20151013052712.0 |
| 008 |
760514s1924 inua j 00011 eng |
| 010 |
|
|
|a 24019664
|
| 035 |
|
|
|a (OCoLC)02177938
|
| 035 |
|
|
|9 ACB6578AM
|
| 040 |
|
|
|a DLC
|c TXA
|d UtOrBLW
|
| 049 |
|
|
|a TXAS
|c [1094375]
|
| 050 |
0 |
0 |
|a PZ7.S918
|b L6
|
| 100 |
1 |
|
|a Stringer, Arthur John Arbuthnott,
|d 1874-1950.
|
| 245 |
1 |
0 |
|a Lonely O'Malley ;
|b a story of boy life /
|c by Arthur Stringer, with illustrations by Frank T. Merrill.
|
| 264 |
|
1 |
|a Indianapolis :
|b Bobbs-Merrill,
|c [1924]
|
| 264 |
|
4 |
|c [©1924]
|
| 300 |
|
|
|a xi, 383 pages :
|b frontispiece, illustrations ;
|c 20 cm.
|
| 336 |
|
|
|a text
|b txt
|2 rdacontent
|
| 337 |
|
|
|a unmediated
|b n
|2 rdamedia
|
| 338 |
|
|
|a volume
|b nc
|2 rdacarrier
|
| 999 |
|
|
|a MARS
|
| 999 |
f |
f |
|s 8119d4cd-0587-374f-b4ec-a0ca90f3b5d0
|i 53fd0117-c8b8-3484-8e4e-b633ebfba4ba
|t 0
|
| 952 |
f |
f |
|p noncirc
|a Texas A&M University
|b College Station
|c Cushing Memorial Library & Archives
|d Cushing: Childrens' Books (Does not check out)
|t 0
|e PZ7.S918 L6
|h Library of Congress classification
|i unmediated -- volume
|m A14800459719
|
| 998 |
f |
f |
|a PZ7.S918 L6
|t 0
|l Cushing: Childrens' Books (Does not check out)
|